00293nam a2200121Ia 4500008004100000100002300041245002100064260003400085300000900119650001900128942000700147999001700154190216s9999||||xx |||||||||||||| ||und|| aAyyappa Panicker K 2aA Pride Of Poets bOxford University Pressc1980 a147p aEnglish Poetry cBK c13007d13007